Pesquerías demersales del área norte del Mar Caribe y parámetros biológico-pesqueros y poblacionales del recurso pargo / (Registro nro. 7252)
[ vista simple ]
| 000 -CABECERA | |
|---|---|
| Campo de control | 01334cam a2200301 a 4500 |
| 005 - FECHA Y HORA DE LA ULTIMA TRANSACCION | |
| Campo de control | 20160108054838.0 |
| 008 - ELEMENTOS DE LONGITUD FIJA—INFORMACION GENERAL | |
| Campo de control | 050529s2004 ck a r 00010 spa d |
| 015 ## - NATIONAL BIBLIOGRAPHY NUMBER | |
| National bibliography number | ck-2004-xxxx |
| 020 ## - ISBN | |
| ISBN | 9588246393 |
| 040 ## - FUENTE DE CATALOGACIÓN | |
| Agencia catalogadora original | la |
| Agencia transcriptora | la |
| Agencia Modificadora | CO-BoIAVH |
| 041 0# - IDIOMA | |
| Código de idioma para texto/pista de sonido o título separado | Español |
| 043 ## - GEOGRAPHIC AREA CODE | |
| Geographic area code | cc----- |
| -- | s-ck--- |
| 082 04 - NUMERO DE CLASIFICACION DECIMAL DEWEY | |
| Número de clasificación | 639.20986 |
| Número del ítem | G89p |
| 110 2# - ASIENTO PRINCIPAL--NOMBRE CORPORATIVO | |
| Nombre corporativo o de jurisdicción como elemento de entrada | Grupo de Investigación Evaluación y Ecología Pesquera |
| 245 10 - MENCION DE TITULO | |
| Título | Pesquerías demersales del área norte del Mar Caribe y parámetros biológico-pesqueros y poblacionales del recurso pargo / |
| Mención de responsabilidad | Grupo de Investigación Evaluación y Ecología Pesquera ; ilustraciones Jairo Altamar López. |
| 260 ## - PUBLICACION, DISTRIBUCION, ETC. (PIE DE IMPRENTA) | |
| Lugar de publicación, distribución, etc. | Bogotá : |
| Nombre del editor, distribuidor, etc. | Colciencias, |
| Fecha de publicación, distribución, etc. | 2004. |
| 300 ## - DESCRIPCION FISICA | |
| Extensión | 317 páginas : |
| Otros detalles físicos | ilustraciones ; |
| Dimensiones | 24 cm. |
| 650 16 - ASIENTO SECUNDARIO DE MATERIA - TERMINO TEMATICO | |
| Término temático o nombre geográfico como elemento de entrada | Pesca |
| Subdivisión geográfica | Caribe (Región, Colombia) |
| 650 26 - ASIENTO SECUNDARIO DE MATERIA - TERMINO TEMATICO | |
| Término temático o nombre geográfico como elemento de entrada | Industria pesquera |
| Subdivisión geográfica | Caribe (Región, Colombia) |
| 650 26 - ASIENTO SECUNDARIO DE MATERIA - TERMINO TEMATICO | |
| Término temático o nombre geográfico como elemento de entrada | Cultivo de pargos |
| Subdivisión geográfica | Caribe (Región, Colombia) |
| 650 26 - ASIENTO SECUNDARIO DE MATERIA - TERMINO TEMATICO | |
| Término temático o nombre geográfico como elemento de entrada | Pesca artesanal |
| Subdivisión geográfica | Caribe (Región, Colombia) |
| 650 26 - ASIENTO SECUNDARIO DE MATERIA - TERMINO TEMATICO | |
| Término temático o nombre geográfico como elemento de entrada | Pargo |
| Subdivisión general | Clasificación |
| Subdivisión geográfica | Caribe (Región, Colombia) |
| 650 26 - ASIENTO SECUNDARIO DE MATERIA - TERMINO TEMATICO | |
| Término temático o nombre geográfico como elemento de entrada | Administración de pesquerías |
| Subdivisión geográfica | Caribe (Región, Colombia) |
| 700 1# - ASIENTO SECUNDARIO - NOMBRE PERSONAL | |
| Nombre personal | Manjarrés Martínez, Luis, |
| Término de relación | editor |
| 700 1# - ASIENTO SECUNDARIO - NOMBRE PERSONAL | |
| Nombre personal | Altamar López, Jairo, |
| Término de relación | ilustrador |
| 942 ## - ELEMENTOS ADICIONALES (KOHA) | |
| Sistema de clasificación | Dewey Decimal Classification |
| Tipo de ítem | Libro |
| 949 ## - LOCAL PROCESSING INFORMATION (OCLC) | |
| a | c |
| b | n |
| Withdrawn status | Lost status | Sistema de Clasificación | Damaged status | No para préstamo | Colección | Inventariado | Ubicación Permanente | Ubicación actual | Fecha de adquisición | Fuente de Valor | Valor | Total Checkouts | Número topográfico | Inventario / Código de Barras | Date last seen | Ejemplar | Price effective from | Forma de adquisición | Tipo de material |
|---|---|---|---|---|---|---|---|---|---|---|---|---|---|---|---|---|---|---|---|
| Dewey Decimal Classification | General | Inventariado 2017 | Bogotá | Bogotá | 03/02/2010 | Instituto | 15000.00 | LB-639.20986 G89p | 027737 | 04/12/2012 | Ej.1 | 04/12/2012 | Libro |